Las mujeres y los derechos del hombre feminismo y sufragio en Francia, 1789-1944
Uloženo v:
| Hlavní autor: | |
|---|---|
| Médium: | Kniha |
| Jazyk: | španělština |
| Vydáno: |
Buenos Aires
Siglo Veintiuno Editores
2012
|
| Edice: | Historia y Cultura
|
| Témata: | |
| Tagy: |
Přidat tag
Žádné tagy, Buďte první, kdo vytvoří štítek k tomuto záznamu!
|
MARC
| LEADER | 00000cam a2200000 a 4500 | ||
|---|---|---|---|
| 001 | UCF6612 | ||
| 003 | CL-VaPUC | ||
| 005 | 20250228130433.0 | ||
| 008 | 130509e20120000AG |||||||||||||||||spa|d | ||
| 999 | |c 351751 |d 351749 | ||
| 020 | |a 9789876292436 | ||
| 040 | |c Pontificia Universidad Católica de Valparaíso | ||
| 082 | 0 | 4 | |a 305.42 SCO 2012 |2 21 |
| 100 | 0 | |a Scott, Joan Wallach |e author |9 568601 | |
| 245 | 1 | 4 | |a Las mujeres y los derechos del hombre feminismo y sufragio en Francia, 1789-1944 |
| 260 | |a Buenos Aires |b Siglo Veintiuno Editores |c 2012 | ||
| 300 | |a 270 páginas | ||
| 440 | |a Historia y Cultura |9 860939 | ||
| 500 | |a c.4 y c.5 Donación VRA- N. Vásquez L. | ||
| 583 | |a last modification |c 20130509 12:56:00 |k Rodrigo Vera | ||
| 650 | 0 | |a Feminismo |9 259085 | |
| 650 | 0 | |a Mujeres |9 257649 | |
| 650 | 0 | |a Derecho a voto |9 382590 | |
| 650 | 0 | |a Derechos de las mujeres |9 568602 | |
| 942 | |c BK |2 ddc | ||
| 945 | |d 20130509 00:00:00 |a dcastane | ||
| 952 | |0 0 |1 0 |4 0 |6 305_420000000000000_SCO_2012 |7 0 |8 A |9 456067 |a FDOPOS |b FDOPOS |d 2019-11-22 |i 4970055 |o 305.42 SCO 2012 |p 4970055 |r 2023-08-09 |w 2019-11-22 |y BK |k DLH | ||
| 952 | |0 0 |1 0 |4 0 |6 305_420000000000000_SCO_2012 |7 0 |8 A |9 456068 |a BIBEDU |b BIBEDU |d 2019-11-22 |i 4991826 |o 305.42 SCO 2012 |p 4991826 |r 2019-11-22 |w 2019-11-22 |y BK |k FIL | ||
| 952 | |0 0 |1 0 |4 0 |6 305_420000000000000_SCO_2012 |7 0 |8 A |9 456069 |a BIBEDU |b BIBEDU |d 2019-11-22 |i 4991907 |o 305.42 SCO 2012 |p 4991907 |r 2019-11-22 |w 2019-11-22 |y BK |k LIT | ||
| 952 | |0 0 |1 0 |2 ddc |4 0 |6 305_420000000000000_SCO_2012 |7 0 |8 A |9 577822 |a BIBHIS |b BIBHIS |d 2021-05-20 |i 5621372 |l 10 |m 3 |o 305.42 SCO 2012 |p 5621372 |r 2025-01-20 |s 2023-09-20 |t 4 |w 2021-05-20 |y BK |k HIS | ||
| 952 | |0 0 |1 0 |2 ddc |4 0 |6 305_420000000000000_SCO_2012 |7 0 |8 A |9 577986 |a BIBHIS |b BIBHIS |d 2021-06-03 |i 5621755 |l 5 |o 305.42 SCO 2012 |p 5621755 |r 2025-01-20 |s 2023-04-25 |t 5 |w 2021-06-03 |y BK |k HIS | ||